Ateez mv's by release date - Statistics

General Stats
  • This quiz has been taken 79 times
    76 since last reset
  • The average score is 27 of 33
Answer Stats
date mv % Correct
16 June 2023 Bouncy
100%
1 Decembre 2023 Crazy Form
98%
24 October 2018 Pirate King
98%
8 October 2019 Wonderland
98%
7 February 2019 Hala Hala
97%
15 January 2019 Say My Name
97%
15 Novembre 2024 Ice on my teeth
94%
10 June 2019 Wave
94%
13 Septembre 2021 Deja Vu
92%
30 Decembre 2022 Halazia
92%
24 October 2018 Treasure
92%
29 July 2020 Inception
90%
6 January 2020 Answer
89%
1 March 2021 I'm The one (Fireworks)
89%
31 May 2024 Work
89%
3 Octobre 2021 Eternal Sunshine
87%
10 June 2019 Illusion
85%
10 Decembre 2021 The Real
84%
23 August 2020 Thanxx
82%
16 January 2024 Youth
81%
23 January 2024 Everything
79%
9 January 2024 IT’s you
79%
28 January 2024 Matz
79%
3 Decembre 2021 Turbulence
79%
27 February 2024 Not Okay
76%
8 July 2019 Aurora
74%
29 July 2022 Guerrila
74%
1 October 2024 Birthday
69%
30 Novembre 2022 Paradigm
61%
17 May 2022 Rocky
60%
21 Mars 2023 Limitless
55%
11 july 2021 Dreamers
52%
30 October 2020 Black Cat Nero
45%
No matching quizzes found
Score Distribution
Percent of People with Each Score
Percentile by Number Answered
Your Score History
You have not taken this quiz since the last reset